Prescription for today's disciple. (Record no. 12754)

000 -LEADER
fixed length control field 00551nam a2200181 a 4500
001 - CONTROL NUMBER
control field :::00010568$&:&@@
003 - CONTROL NUMBER IDENTIFIER
control field OkBaRHE
005 - DATE AND TIME OF LATEST TRANSACTION
control field 20000607103400.0
008 - FIXED-LENGTH DATA ELEMENTS--GENERAL INFORMATION
fixed length control field s1972 j 000 0 eng u
040 ## - CATALOGING SOURCE
Transcribing agency
100 1# - MAIN ENTRY--PERSONAL NAME
Personal name Roundhill, Kenneth S.
245 10 - TITLE STATEMENT
Title Prescription for today's disciple.
260 ## - PUBLICATION, DISTRIBUTION, ETC. (IMPRINT)
Place of publication, distribution, etc Fort Washington, PA., :
Name of publisher, distributor, etc Christian Literature Crusade
Date of publication, distribution, etc c1972
300 ## - PHYSICAL DESCRIPTION
Extent 157 p.
650 ## - SUBJECT ADDED ENTRY--TOPICAL TERM
Topical term or geographic name as entry element Christian Life
942 ## - ADDED ENTRY ELEMENTS (KOHA)
Source of classification or shelving scheme
Koha item type Books
Copies
Lost status Damaged status Date last seen Withdrawn status Date acquired Barcode Source of classification or shelving scheme Koha item type Copy number Full call number Permanent Location Not for loan Shelving location Price effective from
  2010-04-14 2010-04-1410568 Books1BV 4501 .R6RHEMA Bible Training College General Stacks2010-04-14